1909 1326 1721 1780 1604 1854 1112 1241 1199 1723 1260 1951 1443 1472 1089 1611 1521 1113 1602 1905 1728 1210 1945 1736 1918 1642 1785 1659 1143 1618 1980 1230 1166 1742 1236 1974 1404 1805 1636 1492 2000 1732 1728 1012 1521 1103 1859 1001 1678 1794 1389 1879 1952 1141 1224 1140 1769 1007 1262 1368 1650 1284 1805 1534 1029 1396 1094 1212 1959 1633 1988 1406 1645 1254 1433 1691 1093 1592 1261 1381 1454 1710 1052 1594 1275 1193 2000 1020 1012 1552 1896 1529 1219 1887 1247 1771 1045 1249 1402 BCNSPRNW ULIB Ver.6.0+V

เปลี่ยนเป็นภาษาไทย

Change to English
 แสดงรายละเอียดบรรณานุกรม
  กลับหน้าหลัก

Brief Record : Get Marc (ISO 2709) : E-mail record : QR code < ปิดหน้าต่าง
LEADER : 00000nam 2200000uu 4500
001    13399120086
003     ULIB
008    120829s2549||||th 000 0 tha d
020    ^a9789749557099
090    ^aนว.^bส894ส 2549
100 0  ^aโสภาค สุวรรณ
245 00 ^aส้มพอหลวง 2/^cโสภาค สุวรรค
250    ^aพิมพ์ครั้งที่ 2
260    ^aกรุงเทพฯ :^bรวมสาส์น,^c2549
300    ^a532 หน้า
945    ^p0^l0^i16168
995    ^aกัณชพร
999    ^aใช้งานได้ทุกระบบ
รายการนี้ยังไม่มีแท็ก
คุณยังไม่ได้ล็อกอิน คุณสามารถมีกิจกรรมร่วมกับเว็บไซต์ได้ แต่ต้องล็อกอินก่อน ::
  ล็อกอิน

รายการสื่อสารสนเทศ

ลำดับที่ ประเภท เลขเรียก/บาร์โค้ด สถานที่ สถานะ
1. นวนิยาย
นวนิยาย
นว. ส894ส 2549  
  Barcode: 16168
ห้องสมุดวิทยาเขตสวรรค์ประชารักษ์
►นวนิยาย
บนชั้น
  ขอยืม

รายการใกล้เคียง
    ผู้แต่ง [โสภาค สุวรรณ]

BibComment


ยังไม่เคยถูกคอมเมนท์

คอมเมนท์ทรัพยากรรายการนี้
  คอมเมนท์: ส้มพอหลวง 2 โสภา..


 Copyright 2026. Bcnsprnw @Library